An Introduction to Post-Colonial Theory / (Record no. 19415)

MARC details
000 -LEADER
fixed length control field 00527nam a22001817a 4500
003 - CONTROL NUMBER IDENTIFIER
control field BDDh-ASL
005 - DATE AND TIME OF LATEST TRANSACTION
control field 20231015025759.0
008 - FIXED-LENGTH DATA ELEMENTS--GENERAL INFORMATION
fixed length control field 201128s1997 enk||||| |||| 00| 0 eng d
040 ## - CATALOGING SOURCE
Original cataloging agency BDDh-ASL
Transcribing agency BDDh-ASL
082 ## - DEWEY DECIMAL CLASSIFICATION NUMBER
Classification number 325
Item number CHI
100 1# - MAIN ENTRY--PERSONAL NAME
9 (RLIN) 2277
Personal name Childs, Peter
245 13 - TITLE STATEMENT
Title An Introduction to Post-Colonial Theory /
260 ## - PUBLICATION, DISTRIBUTION, ETC.
Place of publication, distribution, etc. England :
Name of publisher, distributor, etc. Longman,
Date of publication, distribution, etc. 1997.
300 ## - PHYSICAL DESCRIPTION
Extent 240 p. :
Dimensions 22 cm.
650 #0 - SUBJECT ADDED ENTRY--TOPICAL TERM
9 (RLIN) 1531
Topical term or geographic name entry element International Relations
General subdivision Post-Colonial Theory
700 1# - ADDED ENTRY--PERSONAL NAME
9 (RLIN) 2278
Personal name Williams, Patrick
942 ## - ADDED ENTRY ELEMENTS (KOHA)
Source of classification or shelving scheme Dewey Decimal Classification
Koha item type Books
Holdings
Withdrawn status Lost status Source of classification or shelving scheme Damaged status Not for loan Collection code Home library Current library Shelving location Date acquired Source of acquisition Total Checkouts Full call number Barcode Date last seen Copy number Price effective from Koha item type
    Dewey Decimal Classification     Non-fiction Asiatic Society Library Asiatic Society Library Sirajul Islam Collection 11/28/2020 Donated by Professor Sirajul Islam, FRHS   325 CHI 102745 11/28/2020 C-1 11/28/2020 Books

Powered by Koha